000 00467nam a2200181Ia 4500
005 20250508155413.0
008 008 250505s9999 xx 000 0 eng d
037 _aBooks to be hide in OPAC
040 _aFEDL
_beng
_cFEDL
041 _aeng
_2eng
084 _a379.14, PUN/O
_qFEDL
245 0 _aPunjab european education code
250 _a7th
260 _c1933
300 _av,30p.
942 _cHB
_h379.14, PUN/O
999 _c1356519
_d1356519